| 000 | 00966nmm a2200301 a 4500 | ||
|---|---|---|---|
| 001 | ocm0002146502 | ||
| 003 | TR-IsHL | ||
| 005 | 20201028183111.0 | ||
| 008 | 190313s2009 tu tur | ||
| 007 | cr cn | ||
| 020 | _a9789756709757 | ||
| 035 |
_a2146502 _b(N$T) |
||
| 050 | 0 | 4 |
_aPL248.D665 _bM35 2009 |
| 090 | 0 | 4 |
_aPL248.D665 _bM35 2009 |
| 100 | 1 | _aDönmez, Hasan | |
| 245 | 1 | 0 |
_aMamak... ey Mamak 2: Kalbim ülkemde kaldı _h[electronic resource] / _cHasan Dönmez ; editör Recep Tatar |
| 250 | _aBirinci Basım | ||
| 260 |
_aİstanbul : _bSu Yayınları, _c2009 |
||
| 300 | _a264 p. | ||
| 650 | 4 | _aDil ve Edebiyat | |
| 650 | 4 | _aLanguage and Literature | |
| 650 | 0 | _aTürk romanı | |
| 650 | 0 | _aTurkish fiction | |
| 650 | 0 | _aDönmez, Hasan | |
| 650 | 7 |
_aLITERARY COLLECTIONS / Middle Eastern _2bisacsh |
|
| 700 | 1 | _aTatar, Recep | |
| 856 | 4 | 0 | _uhttp://search.ebscohost.com/login.aspx?direct=true&scope=site&db=e011xww&AN=2146502 |
| 999 |
_c20378 _d20378 |
||